<?xml version="1.0" encoding="UTF-8"?>
<record
    xmlns:xsi="http://www.w3.org/2001/XMLSchema-instance"
    xsi:schemaLocation="http://www.loc.gov/MARC21/slim http://www.loc.gov/standards/marcxml/schema/MARC21slim.xsd"
    xmlns="http://www.loc.gov/MARC21/slim">

  <leader>00194nam a2200085   4500</leader>
  <controlfield tag="001">1255201</controlfield>
  <controlfield tag="005">20251208110705.0</controlfield>
  <datafield tag="245" ind1=" " ind2=" ">
    <subfield code="a">HER YERDE SEN&#x130; ARADIM</subfield>
    <subfield code="c">&#xD6;MER SEV&#x130;N&#xC7;G&#xDC;L</subfield>
  </datafield>
  <datafield tag="260" ind1=" " ind2=" ">
    <subfield code="b">CARPED&#x130;EM</subfield>
  </datafield>
  <datafield tag="999" ind1=" " ind2=" ">
    <subfield code="c">1255201</subfield>
    <subfield code="d">1255201</subfield>
  </datafield>
  <datafield tag="952" ind1=" " ind2=" ">
    <subfield code="0">0</subfield>
    <subfield code="1">0</subfield>
    <subfield code="2">ddc</subfield>
    <subfield code="4">0</subfield>
    <subfield code="7">0</subfield>
    <subfield code="a">1020</subfield>
    <subfield code="b">1020</subfield>
    <subfield code="d">2025-12-08</subfield>
    <subfield code="l">1</subfield>
    <subfield code="o">V4</subfield>
    <subfield code="p">10204666</subfield>
    <subfield code="r">2025-12-08 12:19:40</subfield>
    <subfield code="s">2025-12-08</subfield>
    <subfield code="w">2025-12-08</subfield>
    <subfield code="y">BK</subfield>
  </datafield>
</record>
